000 00672nam a2200205Ia 4500
999 _c339
_d339
020 _a080361294X
050 1 4 _aRT49
_b.D67
100 1 _aDoenges, Marilynn E.,
110 _a Moorhouse, Mary Frances
111 _a . Murr, Alice C
245 1 0 _aNursing care plans :
_bguidelines for individualizing client care across the life span /
_cMarilynn E. Doenges, Mary Frances Moorhouse, Alice C. Murr.
250 _a7th ed.
260 _aPhiladelphia :
_bF.A. Davis Co.,
_cc2006.
300 _axxxiv, 988 p. :
_bill.
650 0 _aIntensive care nursing
650 0 _aNursing care plans
700 1 _aMoorhouse, Mary Frances,
700 1 _aGeissler-Murr, Alice,
942 _cBK